000 00534nam a2200181Ia 4500
999 _c14916
_d14916
003 OSt
005 20201020112636.0
008 190216s9999||||xx |||||||||||||| ||und||
015 _a78144388082
040 _coclc
082 _a894.81109
_bGEE/C
100 _aGeetha, K A
_95394
245 0 _aContesting Categories, Remapping Boundaries /
_cK A Geetha
260 _bCambridge Uty Press,
_c2014.
_aLONDON:
300 _a185p
650 _aTamil Dalits
942 _cBK
_2ddc
_h894.81109
_iGEE/C
_k894.81109
_mGEE/C